000 00404nam a22001097a 4500
008 110614t xxu||||| |||| 00| 0 eng d
010 _aSCCAF35
245 _aSupreme Court Civil Application No.23 OF 1999 Bank of Uganda Vs Banco Arabe Espanol
260 _c1999
500 _aCoram: Mulenga, JSC
500 _aA reference to a simple judge from the decision of the Taxing Officer in Civil Appeal No. 8 of 1998
999 _c2853
_d2853